Неразрушающий контроль напряженно-деформированного состояния конструкционных материалов и изделий с исполшьзованием эмиссии волн напряжений: тезисы докладов Всесоюзного научно-технического семинара

التفاصيل البيبلوغرافية
مؤلفون مشاركون: Хабаровский филиал Всесоюзного научно-исследовательского института физико-технических и радиотехнических измерений (ХФ ВНИИФТРИ), Хабаровский дом техники
اللغة:الروسية
منشور في: Хабаровск, 1972
الموضوعات:
التنسيق: كتاب
KOHA link:https://koha.lib.tpu.ru/cgi-bin/koha/opac-detail.pl?biblionumber=183577

MARC

LEADER 00000nam0a2200000 4500
001 183577
005 20231101223752.0
035 |a (RuTPU)RU\TPU\book\198996 
090 |a 183577 
100 |a 20100812d1972 km y0rusy50 ca 
101 0 |a rus 
102 |a RU 
105 |a y z 100zy 
200 1 |a Неразрушающий контроль напряженно-деформированного состояния конструкционных материалов и изделий с исполшьзованием эмиссии волн напряжений  |e тезисы докладов Всесоюзного научно-технического семинара  |f Хабаровский филиал Всесоюзного научно-исследовательского института физико-технических и радиотехнических измерений (ХФ ВНИИФТРИ) ; Хабаровский дом техники 
210 |a Хабаровск  |d 1972 
215 |a 68 с. 
610 1 |a материаловедение 
610 1 |a неразрушающий контроль 
610 1 |a конструкционные материалы 
610 1 |a конструкционные изделия 
610 1 |a напряженно-деформированное состояние 
610 1 |a волны напряжения 
610 1 |a эмиссия 
610 1 |a семинары 
610 1 |a тезисы 
675 |a 620.179.1  |v 3 
712 0 2 |a Хабаровский филиал Всесоюзного научно-исследовательского института физико-технических и радиотехнических измерений (ХФ ВНИИФТРИ)  |2 stltpush  |3 (RuTPU)RU\TPU\col\12898 
712 0 2 |a Хабаровский дом техники  |2 stltpush  |3 (RuTPU)RU\TPU\col\8789  |9 24589 
801 1 |a RU  |b 63413507  |c 20100812 
801 2 |a RU  |b 63413507  |c 20110128  |g RCR 
942 |c BK